Health and Physical education : (Record no. 128268)
[ view plain ]
| 000 -LEADER | |
|---|---|
| fixed length control field | 00991nam a22002657a 4500 |
| 003 - CONTROL NUMBER IDENTIFIER | |
| control field | dpl |
| 005 - DATE AND TIME OF LATEST TRANSACTION | |
| control field | 20180703154958.0 |
| 008 - FIXED-LENGTH DATA ELEMENTS--GENERAL INFORMATION | |
| fixed length control field | 180626b xxu||||| |||| 00| 0 eng d |
| 010 ## - LIBRARY OF CONGRESS CONTROL NUMBER | |
| LC control number | B-216591 |
| 020 ## - INTERNATIONAL STANDARD BOOK NUMBER | |
| Terms of availability | 00.00 |
| International Standard Book Number | 9788131300572 |
| 035 ## - SYSTEM CONTROL NUMBER | |
| System control number | B-216591, B-216601, B-216593 |
| 037 ## - SOURCE OF ACQUISITION | |
| Source of stock number/acquisition | Cen Lib/Ret |
| 040 ## - CATALOGING SOURCE | |
| Original cataloging agency | DPL |
| Language of cataloging | EN |
| Transcribing agency | 0 |
| 082 ## - DEWEY DECIMAL CLASSIFICATION NUMBER | |
| Classification number | 796.077 |
| Item number | TIW |
| 100 ## - MAIN ENTRY--PERSONAL NAME | |
| Personal name | Tiwari, Saket Raman |
| 9 (RLIN) | 22885 |
| 245 ## - TITLE STATEMENT | |
| Title | Health and Physical education : |
| Statement of responsibility, etc | by Saket Raman Tiwari [and]Chhote Lal Rathor;edited by Yogesh Kumar Singh |
| Remainder of title | modified syllabus of Indian universities/training institute and colleges / |
| 260 ## - PUBLICATION, DISTRIBUTION, ETC. (IMPRINT) | |
| Place of publication, distribution, etc | New Delhi |
| Name of publisher, distributor, etc | APH Publishing corporation |
| Date of publication, distribution, etc | 2008 |
| 270 ## - ADDRESS | |
| Address | 4435-36/7,AnsariRoad Darya Ganj |
| City | New Delhi |
| Postal code | 110002 |
| 300 ## - PHYSICAL DESCRIPTION | |
| Extent | 264p. |
| Dimensions | 22cm(Hb) |
| 650 ## - SUBJECT ADDED ENTRY--TOPICAL TERM | |
| Topical term or geographic name as entry element | Hygiene -- education |
| 9 (RLIN) | 73681 |
| 650 ## - SUBJECT ADDED ENTRY--TOPICAL TERM | |
| Topical term or geographic name as entry element | Physical education and training |
| 9 (RLIN) | 22483 |
| 700 ## - ADDED ENTRY--PERSONAL NAME | |
| Personal name | Rathor, Chhote Lal |
| 9 (RLIN) | 73682 |
| 700 ## - ADDED ENTRY--PERSONAL NAME | |
| Personal name | Singh, Yogesh Kumar |
| 9 (RLIN) | 22888 |
| 942 ## - ADDED ENTRY ELEMENTS (KOHA) | |
| Source of classification or shelving scheme | Dewey Decimal Classification |
| Koha item type | English Books |
| Classification part | 796.077 |
| Call number suffix | TIW |
| Withdrawn status | Lost status | Damaged status | Not for loan | Home library | Current library | Date acquired | Source of acquisition | Cost, normal purchase price | Total Checkouts | Full call number | Barcode | Date last seen | Copy number | Cost, replacement price | Price effective from | Koha item type | Source of classification or shelving scheme | Collection code |
|---|---|---|---|---|---|---|---|---|---|---|---|---|---|---|---|---|---|---|
| Central Library | Central Library | 02/07/2015 | Cen Lib/Ret | 0.00 | 796.077 TIW | B-216591 | 02/07/2015 | 1 | 0.00 | 02/07/2015 | English Books | |||||||
| Patel Nagar | Patel Nagar | 03/07/2018 | BPPD/Pub | 695.00 | 796.077 TIW | B-216593 | 03/07/2018 | 695.00 | 03/07/2018 | English Books | Dewey Decimal Classification | Non-fiction | ||||||
| Shahdara Branch | Shahdara Branch | 26/06/2018 | BPPD/PUB | 695.00 | 796.077 TIW | B-216601 | 26/06/2018 | 695.00 | 26/06/2018 | English Books | Dewey Decimal Classification | Non-fiction |
